[Event "FRA-ch du Nord"]
[Site "France"]
[Date "2003.04.14"]
[Round "4"]
[White "Durez, Cedric"]
[Black "Wallerand, Konrad"]
[Result "1/2-1/2"]
[WhiteElo "1760"]
[BlackElo "1980"]
[PlyCount "111"]
[EventDate "2003.04.12"]
[EventType "swiss"]
[EventRounds "7"]
[EventCountry "FRA"]
[SourceTitle "EXT 2008"]
[Source "ChessBase"]
[SourceDate "2007.11.25"]
[SourceVersion "1"]
[SourceVersionDate "2007.11.25"]
[SourceQuality "1"]

1. e4 d5 2. e5 c5 3. c3 Bf5 4. d4 e6 5. Qa4+ Nc6 6. Bb5 Qc8 7. Be3 cxd4 8. cxd4 a6 9. Bxc6+ Qxc6 10. Qxc6+ bxc6 11. Nc3 Bb4 12. Nge2 Rb8 13. 0-0 Bxc3 14. bxc3 Ne7 15. Ng3 Bg6 16. Rfc1 Nc8 17. Nf1 Nb6 18. Nd2 0-0 19. f4 Nc4 20. Nxc4 dxc4 21. a4 Rb2 22. Rf1 Rfb8 23. Rf2 Rb1+ 24. Rf1 Rxf1+ 25. Kxf1 Bd3+ 26. Ke1 Rb2 27. Bd2 a5 28. g4 Rb1+ 29. Rxb1 Bxb1 30. Kd1 Ba2 31. Bc1 Bb3+ 32. Kd2 Bxa4 33. Ba3 Bb3 34. h4 h5 35. g5 Kh7 36. Bf8 Kg6 37. Ke3 a4 38. Kd2 Kf5 39. Bxg7 a3 40. Kc1 Kxf4 41. Bf8 a2 42. Kb2 Kg3 43. Be7 Kf3 44. Bb4 Ke3 45. Ba5 Ke4 46. Bb6 Kd5 47. Bc5 Ke4 48. Bb6 Kf4 49. Bc5 Kg3 50. Be7 Bc2 51. g6 fxg6 52. Kxa2 g5 53. Bxg5 Kf3 54. Ka3 Ke4 55. Kb4 Kd3 56. Bf6 1/2-1/2

[Event "FRA-ch du Nord"]
[Site "France"]
[Date "2003.04.13"]
[Round "3"]
[White "Wallerand, Konrad"]
[Black "Rouze, Xavier"]
[Result "1-0"]
[WhiteElo "1980"]
[BlackElo "2210"]
[PlyCount "63"]
[EventDate "2003.04.12"]
[EventType "swiss"]
[EventRounds "7"]
[EventCountry "FRA"]
[SourceTitle "EXT 2008"]
[Source "ChessBase"]
[SourceDate "2007.11.25"]
[SourceVersion "1"]
[SourceVersionDate "2007.11.25"]
[SourceQuality "1"]

1. d4 Nf6 2. g4 d5 3. g5 Ne4 4. f3 Nd6 5. e4 dxe4 6. Nc3 e3 7. Bxe3 g6 8. Qd2 Bg7 9. 0-0-0 Bf5 10. h4 Nc6 11. Nh3 Nb4 12. Ne4 Nd5 13. Nhf2 Nxe3 14. Qxe3 Bd7 15. Nxd6+ cxd6 16. Bd3 Qb6 17. Rde1 0-0 18. c3 Rac8 19. Qxe7 Qxd4 20. Qe3 Rxc3+ 21. bxc3 Qxc3+ 22. Bc2 Qb2+ 23. Kd1 Rc8 24. Qb3 Qd4+ 25. Nd3 Rxc2 26. Re7 Rc8 27. Rxd7 d5 28. Qxd5 Qa4+ 29. Ke1 Re8+ 30. Kf2 Qc2+ 31. Kg3 Rf8 32. Rc1 1-0